|
|
|
|
| LEADER |
00000cam a2200000 7i4500 |
| 001 |
0000003642 |
| 005 |
20080124.0 |
| 020 |
0 |
0 |
|a 817622151
|
| 090 |
0 |
0 |
|a 635.965
|b REN
|
| 100 |
1 |
0 |
|a Rendle, A.B.
|
| 245 |
1 |
0 |
|a Flowering plants and their classification
|c by Alfred Barton Rendle
|
| 260 |
0 |
0 |
|a Delhi, India :
|b Biotech Books ,
|c 2005
|
| 300 |
|
|
|a 2 v. :
|b ill. ;
|c 22 cm.
|
| 650 |
0 |
0 |
|a Flowers
|
| 650 |
0 |
0 |
|a House plants
|
| 650 |
0 |
0 |
|a Plants
|x Classification
|
| 999 |
|
|
|a 0000007216
|b Monograph
|c Open Shelf
|e Default branch
|
| 999 |
|
|
|a 0000007217
|b Monograph
|c Open Shelf
|e Default branch
|